000 01397nam a2200253Ia 4500
999 _c4958
_d4958
003 OSt
005 20200414133218.0
008 191128s2009 ck gr 000 0dspa d
020 _a9789587162820
040 _aCO-JMCR
_cCO-JMCR
041 0 _aspa
082 0 4 _a302.14 /
_bD243a
100 1 _aDelgado Salazar, Ricardo,
_eautor
_93001
245 1 0 _aAcción colectiva y sujetos sociales :
_banálisis de los marcos de justificación ético-político de las organizaciones sociales de mujeres, jóvenes y trabajadores /
_cRicardo Delgado Salazar
250 _aPrimera edición
260 _aBogotá :
_bPontificia Universidad Javeriana,
_c2009
300 _a230 páginas ;
_c24 cm.
500 _aIncluye biografía del autor en solapa frontal bibliografía : paginas 223 - 228.
505 _aPerspectivas teóricas de la acción colectiva -- Hacia una elaboración conceptual y metodológicas -- Marcos de injusticia -- Identidad colectiva -- Capacidad de agencia -- Los sentimientos morales y vínculos efectivos
520 _aEl interés investigativo del presente estudio se orientó en el análisis de los marcos de acción colectiva, que construyen las organizaciones sociales de mujeres, jóvenenes y trabajadores en ciertos contextos urbanos y sociales en Colombia
650 1 4 _aAcciones colectivas Mujeres
_93002
650 2 4 _aTrabajadores Grupos sociales
_93003
942 _2ddc
_cBK